Carl von Clausewitz

Titel: Carl von Clausewitz : Politik und Krieg ; eine ideengeschichtliche Studie / Hans Rothfels
Verfasser:
Ausgabe: Repr. d. 1. Aufl. 1920
Veröffentlicht: Bonn : Dümmler, 1980
Umfang: XII, 241 S.
Format: Buch
Sprache: Deutsch
Hochschulschrift: Teilw. zugl.:Heidelberg, Univ., Philos. Fak., Diss., 1918.
RVK-Notation:
Schlagworte:
ISBN: 3427820424
Buchumschlag
X
alg: 8049568
001A    $06000:27-07-99 
001B    $01999:14-10-17 $t11:51:09.000 
001C    $03004:09-10-17 $t07:44:56.000 
001D    $00077:18-05-06 
001U    $0utf8 
001X    $00 
002@    $0Aar 
003@    $0080495680 
003O    $0174479088 $aOCoLC 
004A    $03-427-82042-4 $fkart. : DM 28.00 
006G    $0800415108 
006U    $080,A32,0865 
007A    $0800415108 $aDNB 
007G    $0DE0200C3D7E647FE402D7C12581B80039DCAF 
009P    $qapplication/pdf $A2 $3Inhaltsverzeichnis $uhttp://scans.hebis.de/HEBCGI/show.pl?08049568_toc.pdf $mV:DE-603;B:DE-Mb50 
010@    $ager 
011@    $a1980 $n1980 
012@    $0a 
013H    $0u 
015@    $00 
021A    $aCarl von Clausewitz $dPolitik und Krieg ; eine ideengeschichtliche Studie $hHans Rothfels 
028A    $#Rothfels, H. $7118749943 $8Rothfels, Hans$Z1891-1976 [Tp1] $9087090643 
032B    $aRepr. d. 1. Aufl. 1920 $cmit e. Nachw. von Joachim Niemeyer 
033A    $pBonn $nDümmler 
034D    $aXII, 241 S. 
037A    $aIn Fraktur 
037C    $aTeilw. zugl.: $bHeidelberg $cUniv., Philos. Fak., Diss., 1918. 
044F    $cClausewitz, Carl {von 
044F    $aKrieg 
044F    $aMilitär 
044F    $aReformpolitik 
044F    $bPreussen 
044F    $aNapoleonische Zeit 
044K    $#Clausewitz, Carl von $#克苏塞维茨 $#كىلاۋسېۋىز $#Clausewitz, Carl P. von $#Clausewitz, Karl P. von $#Kurauzevittsu, Kāru fon $#Fon Kurauzevittsu, Kāru $#Clausewitz, Karl Philipp Gottfried von $#Clausewitz, Karl Philipp Gottlieb von $#Clausewitz $#Clau-do-Vĺt, Các Phôn $#Klauzevic, K. $#Klauzevic, Karl fon $#Klauzevics, Karls fon $#Klauzevic'i, Karl-p'on $#Clausewitz, Carl P. G. von $#Clausewitz, Charles de $#Ke lao sai wei ci $#Kelaosaiweici $#Clausewitz, Karl von $#Von Clausewitz, Karl $#Von Clausewitz, Carl $#Von Clausewitz, Carl Philipp Gottlieb $#Klausewitz, Karl von $#Clausewitz, Karl $#Kurauzevittsu $#Clausewitz, Claus von $#Kilawsewiz $#Kesusaiweici $#Clausewitz, Carl von $711852111X $8Clausewitz, Carl$cvon$Z1780-1831 [Tp1] $9086862200 
044K    $RHerzogtum Preußen $#Preußen $#Preußen $#Brandenburg-Preußen $#Königreich Preußen $#Preußische Staaten $#Preußischer Staat $#Der @Preußische Staat $#Königlich Preußische Staaten $#Prusy Królewskie $#Königlich Preußen $#Prussia $74047194-9 $8Preußen [Tg1] $9085131652 
044K    $RKrieg $RKoalitionskriege $#Napoleonic Wars, 1800-1815 $#Guerres napoléoniennes (1800-1815) $#Guerre napoleoniche <1801-1815> $#Guerras napoleónicas, 1800-1815 $74041216-7 $8Napoleonische Kriege [Ts1] $9085112763 
044K    $RRüstung $#Militari $#Militär $#Militär $#Heerwesen $#Kriegswesen $#Streitkräfte $#Wehrwesen $#Militärwesen $#Armee Militär $74039305-7 $8Militär [Tsz] $9085107107 
044K    $RReform $RPolitische Reform $#Reformpolitik $#Reform Politik $74048960-7 $8Reformpolitik [Ts1] $9085136387 
045E    $b14a $b06a 
045Z    $8NO 5735 [Tkv] $9410902721 

lok: 8049568 3

exp: 8049568 3 1 #EPN
201B/01 $004-05-11 $t02:51:49.000 
201U/01 $0utf8 
203@/01 $0618398724 
206W/01 $0UB1-t1570585 
208@/01 $a01-01-11 $brAa 
209A/01 $a11.514.02 $du $f000 $x00 
209B/01 $aStUB-Retro $x05 
209G/01 $a11514022 $x00 
209U/01 $qimage/gif $A2 $3Katalogkarte der UB Frankfurt $uhttp://resolver.hebis.de/retro/t1570585 $mV:DE-603;B:DE-30 
247C/01 $8601000-3 <30>Frankfurt, Universitätsbibliothek J. C. Senckenberg, Zentralbibliothek (ZB) $9102598258 

lok: 8049568 24

exp: 8049568 24 1 #EPN
201B/01 $009-10-17 $t07:46:27.000 
201C/01 $006-10-17 
201U/01 $0utf8 
203@/01 $01007986417 
208@/01 $a09-10-17 $bz 
209A/01 $a17.05819 $du $f050 $h17 05819 $x00 
209C/01 $a17.05819 G $h17 05819 G 
209G/01 $a73962145 $x00 
220C/01 $ahae 
247C/01 $8358050-7 Marburg, Bibliothek des Herder-Instituts Marburg $9102600961 

lok: 8049568 25

exp: 8049568 25 1 #EPN
201B/01 $003-03-11 $t08:53:34.000 
201C/01 $018-05-06 
201U/01 $0utf8 
203@/01 $0396824056 
208@/01 $a18-05-06 $br 
209A/01 $aBH 321 $dd $f002 $x00 
209B/01 $a00251 $x05 
209C/01 $aPO 11579/82 
209G/01 $aPolitikwissenschaft $x01 
209G/01 $a13981896 $x00 
247C/01 $8651002-4 <77/002>Mainz, Universität Mainz, Bereichsbibliothek Georg Forster-Gebäude $9103704124 

lok: 8049568 204

exp: 8049568 204 1 #EPN
201B/01 $028-05-19 $t15:17:43.000 
201C/01 $023-10-01 
201U/01 $0utf8 
203@/01 $0164255850 
208@/01 $a23-10-01 $bzbbb 
209A/01 $a009 rel 37-163 $du $f009 $x00 
209B/01 $a009070 $x05 
209C/01 $a009 85R801 
209G/01 $a83775912 $x00 
247C/01 $8631009-6 <26/009>Gießen, Universität Gießen, Zweigbibliothek der UB im Philosophikum II $9102596743
LEADER 00000cam a22000002c 4500
001 080495680
003 DE-603
005 20171014115109.0
007 tu
008 990727s1980 xx |||| m u00||u|ger
015 |a 80,A32,0865  |2 dnb 
016 7 |2 DE-101  |a 800415108 
020 |a 3427820424  |c kart. : DM 28.00 
035 |a (DE-599)DNB800415108 
035 |a (OCoLC)174479088 
040 |a DE-603  |b ger  |c DE-603  |d DE-603 
041 |a ger 
084 |a 14a  |a 06a  |q DE-101  |2 sdnb 
084 |a NO 5735  |0 (DE-625)127301:  |0 (DE-603)410902721  |2 rvk 
100 1 |a Rothfels, Hans  |d 1891-1976  |0 (DE-603)087090643  |0 (DE-588)118749943  |2 gnd 
245 0 0 |a Carl von Clausewitz  |b Politik und Krieg ; eine ideengeschichtliche Studie  |c Hans Rothfels 
250 |a Repr. d. 1. Aufl. 1920  |b mit e. Nachw. von Joachim Niemeyer 
264 1 |a Bonn  |b Dümmler  |c 1980 
300 |a XII, 241 S. 
500 |a In Fraktur 
502 |a Teilw. zugl.:Heidelberg, Univ., Philos. Fak., Diss., 1918. 
600 1 7 |a Clausewitz, Carl von  |d 1780-1831  |0 (DE-588)11852111X  |0 (DE-603)086862200  |2 gnd 
600 1 7 |a Clausewitz, Carl ˜vonœ  |2 local 
650 7 |a Napoleonische Kriege  |0 (DE-588)4041216-7  |0 (DE-603)085112763  |2 gnd 
650 7 |a Militär  |0 (DE-588)4039305-7  |0 (DE-603)085107107  |2 gnd 
650 7 |a Reformpolitik  |0 (DE-588)4048960-7  |0 (DE-603)085136387  |2 gnd 
650 7 |a Krieg  |2 local 
650 7 |a Militär  |2 local 
650 7 |a Reformpolitik  |2 local 
650 7 |a Napoleonische Zeit  |2 local 
651 7 |a Preußen  |0 (DE-588)4047194-9  |0 (DE-603)085131652  |2 gnd 
651 7 |a Preussen  |2 local 
856 4 2 |m V:DE-603;B:DE-Mb50  |q application/pdf  |u http://scans.hebis.de/HEBCGI/show.pl?08049568_toc.pdf  |3 Inhaltsverzeichnis 
924 0 |9 30  |a (DE-603)618398724  |b DE-30  |c HES  |d c  |g 11.514.02 
924 0 |9 Mb 50  |a (DE-603)1007986417  |b DE-Mb50  |c HES  |d c  |g 17.05819 
924 0 |9 77/002  |a (DE-603)396824056  |b DE-77-002  |c HES  |d d  |g BH 321 
924 0 |9 26/009  |a (DE-603)164255850  |b DE-26-009  |c HES  |d c  |g 009 rel 37-163